Economics of irrigation (Record no. 428033)

000 -LEADER
fixed length control field 00314cam a22001097a 4500
008 - FIXED-LENGTH DATA ELEMENTS--GENERAL INFORMATION
fixed length control field 180718b1987 xxu||||| |||| 00| 0 eng d
082 ## - DEWEY DECIMAL CLASSIFICATION NUMBER
Classification number W533x5433 J78
100 ## - MAIN ENTRY--PERSONAL NAME
Personal name Joshi, Amardeep Singh
245 ## - TITLE STATEMENT
Title Economics of irrigation
Statement of responsibility, etc. by Amardeep Singh Joshi
260 ## - PUBLICATION, DISTRIBUTION, ETC.
Place of publication, distribution, etc. Ludhiana
Name of publisher, distributor, etc. Gagan Publishers
Date of publication, distribution, etc. 1987
300 ## - PHYSICAL DESCRIPTION
Extent 198+p.
Holdings
Withdrawn status Lost status Damaged status Not for loan Permanent Location Current Location Date acquired Full call number Barcode Date last seen Price effective from Koha item type
        Indian Institute of Public Administration Indian Institute of Public Administration 2009-12-03 W533x5433 J78 63584 2018-07-21 2018-07-21 Book

Powered by Koha